Statistiques concernant Souliers d'or européens

Cliquez ici pour prendre le quiz!

Statistiques générales

  • Ce quiz a été pris 900 fois
    (899 depuis la dernière actualisation)
  • Le résultat moyen est 21 sur 28

Statistiques - réponses

SaisonNationalitéClubJoueurButs% Correct
2008PortugalManchester UnitedCristiano Ronaldo31
100%
2015PortugalReal MadridCristiano Ronaldo48
100%
2013ArgentineFC BarceloneCristiano Ronaldo46
100%
2011PortugalReal MadridCristiano Ronaldo40
100%
2014*
Portugal
Real Madrid
Cristiano Ronaldo
31
100%
1997BrésilFC BarceloneRonaldo34
100%
2019ArgentineFC BarceloneLionel Messi36
97%
2018ArgentineFC BarceloneLionel Messi34
97%
2017ArgentineFC BarceloneLionel Messi37
97%
2012ArgentineFC BarceloneLionel Messi50
97%
2010ArgentineFC BarceloneLionel Messi34
97%
2014*UruguayFC BarceloneLuis Suarez31
96%
2016UruguayFC BarceloneLuis Suarez40
96%
2021¨PologneBayern MunichRobert Lewandowski41
93%
2022PologneBayern MunichRobert Lewandowski35
93%
2005*
France
Arsenal
Thierry Henry25
93%
2004FranceArsenalThierry Henry30
93%
2020ItalieSS LazioCiro Immobile36
87%
2005*UruguayVillareal CFDIego Forlan25
79%
2009UruguayAtletico MadridDiego Forlan32
79%
2007ItalieAS RomeFrancesco Totti26
76%
2001SuèdeCeltic GlasgowHenrik Larsson35
37%
2006ItalieFiorentinaLuca Toni31
21%
2002BrésilSporting PortugalMario Jardel45
9%
1999BrésilFC PortoMario Jardel36
9%
2003Pays-BasDeportivo La CorogneRoy Makaay29
9%
2000AngleterreSunderlandKevin Philips30
3%
1998GrèceVitesse ArnhemNikos Machlas34
1%

Distribution des résultats

Percentile par nombre de réponses

% des personnes avec chaque résultat

Votre développement - résultats

Vous n’avez pas pris ce quiz depuis la dernière actualisation